| 000 | 02501nam0a2200373 4500 | ||
|---|---|---|---|
| 001 | RU\NLR\BIBL_A\022219211 | ||
| 005 | 20240611152424.0 | ||
| 010 |
_a978-5-209-12058-2 _9300 |
||
| 021 |
_aRU _bКН-П-24-017315 _9КН-П-24-1810 |
||
| 035 | _a(NLR Aleph) 022219211 | ||
| 090 |
_a13096687 _c13096687 |
||
| 100 | _a20240513d2023 u y0rusy50 ca | ||
| 101 | 0 | _arus | |
| 102 | _aRU | ||
| 105 | _aa j 000zy | ||
| 181 | 0 |
_ai _baxxe |
|
| 182 | 0 | _an | |
| 200 | 1 |
_aЗаболевания почек и мочевого пузыря в амбулаторной практике _eучебное пособие _eдля студентов пятого курса медицинского факультета по специальности "Лечебное дело", ординаторов, аспирантов медицинских вузов и врачей _fН. В. Стуров, С. В. Попов, В. А. Жуков _gФедеральное государственное автономное образовательное учреждение высшего образования "Российский университет дружбы народов имени Патриса Лумумбы" |
|
| 203 |
_aТекст _bвизуальный _cнепосредственный |
||
| 210 |
_aМосква _cРоссийский университет дружбы народов им. Патриса Лумумбы _d2023 |
||
| 215 |
_a97 с. _cил., цв. ил., табл. _d20 |
||
| 300 | _aНа 4-й с. обл. авт.: Н. В. Стуров - канд. мед. наук, доц., С. В. Попов - д-р мед. наук, доц., В. А. Жуков - врач | ||
| 320 | _aБиблиогр.: с. 91-94 (30 назв.) | ||
| 606 | 1 |
_aПочки _jУчебные издания _xБолезни _9932875 _3RU\NLR\AUTH\6625259 |
|
| 606 | 1 |
_aМочевой пузырь _jУчебные издания _xБолезни _91057708 _3RU\NLR\AUTH\6691614 |
|
| 686 | 1 | _aР414я7 | |
| 686 | 1 | _aР696.5я7 | |
| 700 | 1 |
_7ca _8rus _aСтуров _bН. В. _cканд. мед. наук _gНиколай Владимирович _986221 _3RU\NLR\AUTH\77103295 |
|
| 701 | 1 |
_aПопов _bС. В. _gСергей Витальевич |
|
| 701 | 1 |
_aЖуков _bВ. А. _cврач, общая медицина _gВладимир Андреевич _9252349 _3RU\NLR\AUTH\770252405 |
|
| 942 | _cBOOK | ||
| 980 | _aNB | ||